EURO 2012 - wszystkie drużyny - piłka nożna - Statystyki

Ogólne statystyki
  • Ten quiz został rozwiązany 205 razy
  • Średni wynik to 15 z 16
Statystyki odpowiedzi
Odpowiedź % Poprawnych
Polska
100%
Hiszpania
98%
Portugalia
98%
Ukraina
98%
Rosja
97%
Włochy
97%
Anglia
96%
Czechy
96%
Niemcy
96%
Szwecja
96%
Grecja
94%
Holandia
94%
Francja
93%
Chorwacja
90%
Dania
88%
Irlandia
87%
Nie znaleziono quizów pasujących do podanych kryteriów
Rozkład punktacji
Procent ludzi z każdym wynikiem
Percentyl według liczby udzielonych odpowiedzi
Twoja historia wyników
Nie rozwiązałeś tego quizu